Şarkının Adı Sözlerinde Gizli #2 - Statistics

General Stats
  • This quiz has been taken 2 517 times
  • The average score is 9 of 15
Answer Stats
Şarkı Sözü % Correct
Seni çöpe atacağım {poşet}e yazık / Bi sigara yakacağım ateşe yazık
97%
Gideceğim tek yer {havaalanı} / Bana lazım yeni yaşam alanı
81%
{İki} {deli} bir araya gelmemeliydik / Belki de bu kadar sevmemeliydik
80%
{Sil} {baştan} başlamak gerek bazen / Hayatı sıfırlamak
76%
{Aya} {benzer} yüreğim / E doğal olarak takipteyim
68%
Bi' şüphem yok, kefenim sağlam / İçerim ben {bu} {akşam}
68%
Binlerce {dansöz} var
66%
{Kendime} {yalan} {söyledim} / Yalnızım bunu ben istedim / Paramparça bütün aynalar
58%
Sen geçerken sahilden sessizce / {Gemiler} kalkar yüreğimden gizlice
56%
Ağlasan da gülsen de nafile / Sen dursan da yürür bu {kafile}
51%
Yalandan da olsa / {Ne} {güzel} {güldün} o akşam bana
51%
İşte {kuzu} {kuzu} geldim / Dilediğince kapandım dizlerine
46%
Yine kalamadık baş başa / Ayarını canım tutturamadın / Yediremedin {şak} {şuka}
35%
Alnımda yazanlar mı? / Aklımda kalanlar mı? / {Oyunbozan} mı haklı? / Biri söylese
29%
{Aşk} {sakızı} mısın? / Ayrıldık sana anlatamadım / Kaçtım kaçtım kurtulamadım
25%
No matching quizzes found
Score Distribution
Percent of People with Each Score
Percentile by Number Answered
Your Score History
You have not taken this quiz